[Event "Metz op 24th"]
[Site "Metz"]
[Date "2006.04.26"]
[Round "5"]
[White "Meijers, Viesturs"]
[Black "Harovelo, Ingmar"]
[Result "1-0"]
[WhiteElo "2482"]
[BlackElo "2223"]
[PlyCount "105"]
[EventDate "2006.04.22"]
[EventType "swiss"]
[EventRounds "9"]
[EventCountry "FRA"]
[SourceTitle "EXT 2007"]
[Source "ChessBase"]
[SourceDate "2006.11.23"]
[SourceVersion "1"]
[SourceVersionDate "2006.11.23"]
[SourceQuality "1"]

1. e4 c5 2. Nf3 d6 3. d4 cxd4 4. Nxd4 Nf6 5. Nc3 Nc6 6. Bg5 e6 7. Be2 Be7 8. 0-0 0-0 9. Qd2 Nxd4 10. Qxd4 h6 11. Be3 Bd7 12. Rfd1 Bc6 13. e5 dxe5 14. Qxe5 Nd7 15. Qg3 Bh4 16. Qh3 Bf6 17. Rd3 Qe7 18. Rad1 Ne5 19. Rd6 Rfd8 20. Bc5 Qc7 21. Qe3 Nd7 22. Ba3 Be5 23. R6d3 Bxh2+ 24. Kf1 Bf4 25. Bd6 Qxd6 26. Rxd6 Bxe3 27. fxe3 Kf8 28. Bb5 Bxb5+ 29. Nxb5 Ke7 30. R6d4 a6 31. Nd6 Rab8 32. Nxf7 Kxf7 33. Rxd7+ Ke8 34. R7d4 Rbc8 35. c3 Ke7 36. Ke2 Rxd4 37. Rxd4 Rc5 38. a4 Ra5 39. Rb4 Kf6 40. c4 Rc5 41. Rxb7 Rxc4 42. a5 h5 43. Rb6 Kf5 44. Kd3 Rg4 45. Rxa6 Rxg2 46. Rb6 h4 47. a6 Rg1 48. b4 Rd1+ 49. Ke2 h3 50. a7 h2 51. a8Q h1Q 52. Qf8+ Ke5 53. Qf4+ 1-0

[Event "FRA-chT2A 0506"]
[Site "France"]
[Date "2006.01.14"]
[Round "5.5"]
[White "Maupin, Jean Paul"]
[Black "Harovelo, Ingmar"]
[Result "0-1"]
[WhiteElo "2082"]
[BlackElo "2222"]
[PlyCount "76"]
[EventDate "2005.10.27"]
[EventType "team-tourn"]
[EventRounds "11"]
[EventCountry "FRA"]
[SourceTitle "EXT 2006"]
[Source "ChessBase"]
[SourceDate "2005.11.24"]
[SourceVersion "1"]
[SourceVersionDate "2005.11.24"]
[SourceQuality "1"]
[WhiteTeam "Saint Lo"]
[BlackTeam "Issy les Moulineaux"]
[WhiteTeamCountry "FRA"]
[BlackTeamCountry "FRA"]

1. e4 c5 2. Nf3 d6 3. d4 cxd4 4. Nxd4 Nf6 5. Nc3 Nc6 6. f3 e6 7. Be3 a6 8. Qd2 Qc7 9. 0-0-0 Bd7 10. g4 h6 11. h4 b5 12. Rg1 Na5 13. g5 hxg5 14. hxg5 Nh5 15. f4 b4 16. Nb1 Nc4 17. Bxc4 Qxc4 18. b3 Qc7 19. g6 fxg6 20. Qg2 0-0-0 21. Qe2 Kb7 22. Rxg6 Nf6 23. Qd3 Rh3 24. Rdg1 e5 25. Ne2 Bb5 26. Qd2 Nxe4 27. Qd5+ Bc6 28. Qd3 d5 29. Ng3 Bb5 30. Qd1 Nxg3 31. Bb6 Ne2+ 32. Qxe2 Bxe2 33. Bxc7 Kxc7 34. fxe5 Re8 35. R6g5 Rh5 36. Rxh5 Bxh5 37. Rh1 Rxe5 38. Nd2 Bc5 0-1

[Event "FRA-chT2A 0506"]
[Site "France"]
[Date "2005.10.16"]
[Round "1.3"]
[White "Delorme, Alban"]
[Black "Harovelo, Ingmar"]
[Result "1/2-1/2"]
[WhiteElo "2271"]
[BlackElo "2225"]
[PlyCount "82"]
[EventDate "2005.10.27"]
[EventType "team-tourn"]
[EventRounds "11"]
[EventCountry "FRA"]
[SourceTitle "EXT 2006"]
[Source "ChessBase"]
[SourceDate "2005.11.24"]
[SourceVersion "1"]
[SourceVersionDate "2005.11.24"]
[SourceQuality "1"]
[WhiteTeam "Nantes"]
[BlackTeam "Issy les Moulineaux"]
[WhiteTeamCountry "FRA"]
[BlackTeamCountry "FRA"]

1. e4 c5 2. Nf3 d6 3. d4 cxd4 4. Nxd4 Nf6 5. f3 Nc6 6. Nc3 e6 7. Be3 Be7 8. Qd2 0-0 9. g4 Nd7 10. 0-0-0 Nb6 11. Kb1 a6 12. Qf2 Nd7 13. h4 Qc7 14. g5 Nxd4 15. Bxd4 b5 16. f4 Bb7 17. Bd3 Nc5 18. h5 b4 19. g6 bxc3 20. h6 fxg6 21. hxg7 Nxd3 22. Qh2 h5 23. gxf8Q+ Rxf8 24. Rxd3 Bxe4 25. Rxc3 Qb7 26. Rg1 Qd5 27. Rd1 e5 28. Qg1 exd4 29. Rxd4 Qf5 30. Rxe4 Qxe4 31. Re3 Qf5 32. Rxe7 Rc8 33. Qg2 Kf8 34. Re1 Re8 35. Rd1 Re4 36. a3 Ke7 37. Qf2 Qxf4 38. Qa7+ Ke6 39. Qxa6 h4 40. Qc8+ Kf6 41. Qd8+ Kg7 1/2-1/2

[Event "FRA-chT2 0304"]
[Site "France"]
[Date "2004.04.04"]
[Round "11"]
[White "Harovelo, Ingmar"]
[Black "Rouze, Xavier"]
[Result "1-0"]
[WhiteElo "2261"]
[BlackElo "2078"]
[PlyCount "57"]
[EventDate "2003.10.??"]
[EventType "team"]
[EventRounds "11"]
[EventCountry "FRA"]
[SourceTitle "EXT 2005"]
[Source "ChessBase"]
[SourceDate "2004.11.15"]
[SourceVersion "1"]
[SourceVersionDate "2004.11.15"]
[SourceQuality "1"]

1. d4 d5 2. c4 Nc6 3. Nc3 Nf6 4. Bg5 e6 5. Nf3 Be7 6. e3 dxc4 7. Bxc4 Nd5 8. Bxe7 Ncxe7 9. Rc1 0-0 10. 0-0 a6 11. Qe2 Qd6 12. Ne4 Qd8 13. a3 Nc6 14. Ba2 Nf6 15. Bb1 Qe7 16. Rc5 Nd7 17. Rc3 f5 18. Ned2 Nf6 19. Rfc1 Nd5 20. Rc5 Nd8 21. e4 Nf4 22. Qe3 fxe4 23. Rxc7 Nd5 24. Qxe4 Qxc7 25. Rxc7 Nxc7 26. Qxh7+ Kf7 27. Ne5+ Ke7 28. Qxg7+ Rf7 29. Nxf7 1-0

[Event "FRA-chT2 0304"]
[Site "France"]
[Date "2004.03.14"]
[Round "9"]
[White "Harovelo, Ingmar"]
[Black "Hommeles, Theo"]
[Result "1/2-1/2"]
[WhiteElo "2261"]
[BlackElo "2375"]
[PlyCount "111"]
[EventDate "2003.10.??"]
[EventType "team"]
[EventRounds "11"]
[EventCountry "FRA"]
[SourceTitle "EXT 2005"]
[Source "ChessBase"]
[SourceDate "2004.11.15"]
[SourceVersion "1"]
[SourceVersionDate "2004.11.15"]
[SourceQuality "1"]

1. d4 d5 2. c4 c6 3. Nf3 Nf6 4. Nc3 e6 5. g3 Nbd7 6. Qd3 b6 7. Bg2 Ba6 8. b3 Be7 9. e4 0-0 10. e5 Ne8 11. 0-0 Rc8 12. Rd1 h6 13. h4 Nc7 14. Qe2 b5 15. Nd2 Bb4 16. Ndb1 bxc4 17. bxc4 Nb6 18. Qg4 f5 19. Qg6 dxc4 20. Ne4 Qe8 21. Nf6+ Rxf6 22. Qxe8+ Nxe8 23. exf6 Nxf6 24. Bf1 Bb5 25. Bd2 Be7 26. Rc1 Ne4 27. a4 Bxa4 28. Bxc4 Nxc4 29. Rxc4 Bb5 30. Rc1 Bf6 31. Be3 a6 32. Na3 Bd3 33. Nc4 c5 34. Ne5 Bb5 35. Nf3 Rd8 36. dxc5 Bxa1 37. Rxa1 Nc3 38. Ne5 Rd5 39. f4 Nd1 40. Bf2 Nxf2 41. Kxf2 Rxc5 42. Rd1 Rd5 43. Rc1 Rd8 44. Rc5 Ra8 45. Ke3 Kf8 46. Kd4 Ra7 47. Rc8+ Be8 48. Kc5 Rb7 49. Ra8 Ke7 50. Rxa6 g5 51. hxg5 hxg5 52. Ra2 Rb3 53. Ra7+ Kf6 54. Ra8 Ke7 55. Ra7+ Kf6 56. Ra8 1/2-1/2

[Event "FRA-chT2 0304"]
[Site "France"]
[Date "2004.03.13"]
[Round "8"]
[White "Winants, Luc"]
[Black "Harovelo, Ingmar"]
[Result "1-0"]
[WhiteElo "2497"]
[BlackElo "2261"]
[PlyCount "47"]
[EventDate "2003.10.??"]
[EventType "team"]
[EventRounds "11"]
[EventCountry "FRA"]
[SourceTitle "EXT 2005"]
[Source "ChessBase"]
[SourceDate "2004.11.15"]
[SourceVersion "1"]
[SourceVersionDate "2004.11.15"]
[SourceQuality "1"]

1. d4 Nf6 2. Bg5 Ne4 3. Bf4 d5 4. e3 c5 5. Bd3 Qb6 6. Bxe4 dxe4 7. Nc3 Qxb2 8. Nge2 Na6 9. 0-0 g6 10. Rb1 Qa3 11. d5 Bg7 12. d6 Be6 13. Nb5 Qxa2 14. dxe7 Qd5 15. Nd6+ Kxe7 16. Rxb7+ Kf8 17. Qb1 g5 18. Rd1 Qa2 19. Qxa2 Bxa2 20. Bxg5 h6 21. Be7+ Kg8 22. c3 Nb8 23. Nxe4 Bc4 24. Nf6+ 1-0

[Event "FRA-chT2 0304"]
[Site "France"]
[Date "2004.02.01"]
[Round "7"]
[White "Magnier, Hugues"]
[Black "Harovelo, Ingmar"]
[Result "1/2-1/2"]
[WhiteElo "2294"]
[BlackElo "2261"]
[PlyCount "37"]
[EventDate "2003.10.??"]
[EventType "team"]
[EventRounds "11"]
[EventCountry "FRA"]
[SourceTitle "EXT 2005"]
[Source "ChessBase"]
[SourceDate "2004.11.15"]
[SourceVersion "1"]
[SourceVersionDate "2004.11.15"]
[SourceQuality "1"]

1. d4 Nf6 2. Nf3 e6 3. c4 b6 4. g3 Ba6 5. b3 Bb4+ 6. Bd2 Be7 7. Bg2 c6 8. 0-0 d5 9. Ne5 Nfd7 10. Nxd7 Nxd7 11. Bc3 Rc8 12. Nd2 0-0 13. e4 b5 14. Re1 bxc4 15. bxc4 dxc4 16. Qa4 Bb5 17. Qxa7 Ra8 18. Qb7 Rb8 19. Qa7 1/2-1/2

[Event "FRA-chT2 0304"]
[Site "France"]
[Date "2004.01.17"]
[Round "5"]
[White "Eche, Sylvain"]
[Black "Harovelo, Ingmar"]
[Result "0-1"]
[WhiteElo "2139"]
[BlackElo "2261"]
[PlyCount "80"]
[EventDate "2003.10.??"]
[EventType "team"]
[EventRounds "11"]
[EventCountry "FRA"]
[SourceTitle "EXT 2005"]
[Source "ChessBase"]
[SourceDate "2004.11.15"]
[SourceVersion "1"]
[SourceVersionDate "2004.11.15"]
[SourceQuality "1"]

1. e4 c5 2. Nc3 Nc6 3. g3 g6 4. Bg2 Bg7 5. d3 d6 6. Be3 e6 7. Qd2 Qa5 8. Nge2 Nd4 9. 0-0 Ne7 10. f4 0-0 11. g4 f5 12. gxf5 exf5 13. Ng3 Nec6 14. Qf2 Be6 15. Nd1 Qa4 16. exf5 Nxf5 17. Nxf5 Bxf5 18. Nc3 Qa5 19. Ne4 Qc7 20. c3 Rae8 21. Qd2 b6 22. Ng3 Be6 23. d4 Bc4 24. Rfe1 Ne7 25. b3 Ba6 26. Rad1 Nf5 27. Nxf5 Rxf5 28. Bf2 Ref8 29. Bh3 Rxf4 30. Bg3 R4f6 31. dxc5 Qxc5+ 32. Kh1 Bb7+ 33. Bg2 Bxg2+ 34. Qxg2 Qxc3 35. Bxd6 Rxd6 36. Rc1 Qd2 37. Qe4 Qd5 38. Qxd5+ Rxd5 39. Re7 Rf7 40. Rxf7 Kxf7 0-1

[Event "FRA-ch Accession"]
[Site "Aix les Bains"]
[Date "2003.08.28"]
[Round "9"]
[White "Harovelo, Ingmar"]
[Black "Dunis, Aurelien"]
[Result "0-1"]
[WhiteElo "2211"]
[BlackElo "2403"]
[PlyCount "65"]
[EventDate "2003.08.19"]
[EventType "swiss"]
[EventRounds "11"]
[EventCountry "FRA"]
[SourceTitle "EXT 2004"]
[Source "ChessBase"]
[SourceDate "2003.11.25"]
[SourceVersion "1"]
[SourceVersionDate "2003.11.25"]
[SourceQuality "1"]

1. d4 Nf6 2. c4 e6 3. Nc3 Bb4 4. Qc2 0-0 5. Bg5 h6 6. Bh4 b6 7. Nf3 Bb7 8. e3 g5 9. Bg3 Ne4 10. Bd3 f5 11. h4 g4 12. Ne5 Nxg3 13. fxg3 Kg7 14. 0-0 Bxc3 15. bxc3 d6 16. Nxg4 fxg4 17. Rxf8 Qxf8 18. Qe2 h5 19. Rf1 Qe7 20. Bc2 Nd7 21. Qd3 Nf8 22. d5 Re8 23. Kh2 Bc8 24. dxe6 Qxe6 25. Rf4 Qe5 26. Qd2 Bb7 27. Qf2 Bc8 28. c5 Be6 29. cxb6 axb6 30. Qd2 Bf7 31. Qf2 Bg6 32. Bb3 Ne6 33. Rb4 0-1

[Event "FRA-chT2"]
[Site "France"]
[Date "2002.03.09"]
[Round "8"]
[White "Harovelo, Ingmar"]
[Black "Couche, Didier"]
[Result "1-0"]
[WhiteElo "2240"]
[BlackElo "2102"]
[PlyCount "61"]
[EventDate "2002.??.??"]
[EventType "team"]
[EventRounds "11"]
[EventCountry "FRA"]
[SourceTitle "EXT 2003"]
[Source "ChessBase"]
[SourceDate "2002.11.25"]
[SourceVersion "1"]
[SourceVersionDate "2002.11.25"]
[SourceQuality "1"]
[WhiteTeam "Issy les Moulineaux"]
[BlackTeam "Cappelle la Grande"]
[WhiteTeamCountry "FRA"]
[BlackTeamCountry "FRA"]

1. d4 d5 2. c4 e6 3. Nf3 c6 4. g3 Bd6 5. Bg2 Nf6 6. 0-0 0-0 7. Qc2 Nbd7 8. Nc3 dxc4 9. a4 e5 10. Rd1 Qe7 11. Bg5 h6 12. dxe5 Bxe5 13. Nxe5 Nxe5 14. Bf4 Bg4 15. h3 Bh5 16. a5 a6 17. Qd2 Rad8 18. Qe3 Rxd1+ 19. Rxd1 Re8 20. Qb6 Nfd7 21. Qxb7 Rb8 22. Qc7 Rxb2 23. g4 Bg6 24. Bxe5 Qxe5 25. Qxe5 Nxe5 26. f4 Bd3 27. fxe5 Bxe2 28. Rd8+ Kh7 29. Be4+ g6 30. Bxc6 h5 31. g5 1-0

[Event "FRA-chT2"]
[Site "France"]
[Date "2002.02.03"]
[Round "7.3"]
[White "Harovelo, Ingmar"]
[Black "Bianchi, Guillaume"]
[Result "0-1"]
[WhiteElo "2240"]
[BlackElo "2209"]
[PlyCount "70"]
[EventDate "2002.??.??"]
[EventType "team"]
[EventRounds "11"]
[EventCountry "FRA"]
[SourceTitle "EXT 2003"]
[Source "ChessBase"]
[SourceDate "2002.11.25"]
[SourceVersion "1"]
[SourceVersionDate "2002.11.25"]
[SourceQuality "1"]

1. d4 Nf6 2. c4 c5 3. d5 b5 4. cxb5 a6 5. f3 g6 6. e4 Bg7 7. e5 Ng8 8. f4 d6 9. Nf3 Nh6 10. bxa6 0-0 11. Bc4 Nd7 12. 0-0 Nb6 13. Bb5 Bxa6 14. Bxa6 Rxa6 15. Nc3 Qa8 16. Qe2 Nf5 17. Rd1 Rd8 18. g4 Nd4 19. Nxd4 cxd4 20. Rxd4 dxe5 21. fxe5 Na4 22. Bg5 Qa7 23. Qe4 Nc5 24. Qe3 Nb3 25. Rad1 Nxd4 26. Rxd4 Rb8 27. b3 Rc8 28. Kg2 Bxe5 29. Qxe5 f6 30. Qe4 Rxc3 31. Bd2 Rxa2 32. d6 exd6 33. Qe8+ Kg7 34. Rxd6 Qf7 35. Rd7 Rxd2+ 0-1

[Event "FRA-chT2"]
[Site "France"]
[Date "2002.01.19"]
[Round "5.1"]
[White "Mancini, Mario"]
[Black "Harovelo, Ingmar"]
[Result "0-1"]
[WhiteElo "2332"]
[BlackElo "2240"]
[PlyCount "80"]
[EventDate "2002.??.??"]
[EventType "team"]
[EventRounds "11"]
[EventCountry "FRA"]
[SourceTitle "EXT 2003"]
[Source "ChessBase"]
[SourceDate "2002.11.25"]
[SourceVersion "1"]
[SourceVersionDate "2002.11.25"]
[SourceQuality "1"]

1. d4 Nf6 2. c4 e6 3. Nc3 Bb4 4. e3 c5 5. Nge2 cxd4 6. exd4 0-0 7. a3 Be7 8. g3 d5 9. c5 b6 10. b4 a5 11. Bf4 axb4 12. axb4 Rxa1 13. Qxa1 Nc6 14. Qa4 bxc5 15. Qxc6 cxb4 16. Bc7 Qe8 17. Qb6 bxc3 18. Nxc3 Bd7 19. Ba6 Bd8 20. 0-0 Bxc7 21. Qxc7 Qb8 22. Qb7 Qd6 23. Rb1 Qa3 24. Nb5 Qd3 25. Rb4 Bc8 26. Qa8 Qe2 27. Rb1 Bxa6 28. Qxa6 Ne4 29. Rf1 Nc3 30. Nc7 Qe4 31. f3 Qxd4+ 32. Kg2 Qc5 33. Qb7 d4 34. Na6 Qc4 35. Nb4 d3 36. Rf2 Ne2 37. Nc6 d2 38. Ne7+ Kh8 39. Qd7 Qc2 40. Rf1 Nd4 0-1

[Event "Oberliga Baden 0001"]
[Site "Baden"]
[Date "2001.01.07"]
[Round "4.8"]
[White "Harovelo, Ingmar"]
[Black "Reichstein, Hans Joerg"]
[Result "1-0"]
[WhiteElo "2198"]
[BlackElo "2200"]
[PlyCount "57"]
[EventDate "2000.10.15"]
[EventType "team"]
[EventRounds "9"]
[EventCountry "GER"]
[SourceTitle "EXT 2002"]
[Source "ChessBase"]
[SourceDate "2001.11.25"]
[SourceVersion "1"]
[SourceVersionDate "2001.11.25"]
[SourceQuality "1"]

1. d4 Nf6 2. c4 g6 3. Nc3 d5 4. Nf3 Bg7 5. Qb3 dxc4 6. Qxc4 a6 7. Bf4 c6 8. Qb3 b5 9. e4 0-0 10. Be2 Qa5 11. Qc2 c5 12. dxc5 Nxe4 13. Qxe4 Bxc3+ 14. Nd2 Bxb2 15. Qxa8 Bxa1 16. Qxb8 Bc3 17. h4 Qxa2 18. Bh6 Rd8 19. 0-0 Qd5 20. Bf3 Qxc5 21. Ne4 Be5 22. Qa8 Qc7 23. Rd1 Re8 24. Ng5 Rd8 25. Rxd8+ Qxd8 26. Bd5 Qc7 27. Nxf7 Bh2+ 28. Kh1 Qb8 29. Nd6+ 1-0

[Event "FRA-chT"]
[Site "France"]
[Date "1999.??.??"]
[Round "2"]
[White "Harovelo, Ingmar"]
[Black "Riff, Sebastien"]
[Result "1/2-1/2"]
[WhiteElo "2295"]
[BlackElo "2225"]
[PlyCount "103"]
[EventDate "1999.02.??"]
[EventType "team"]
[EventRounds "11"]
[EventCountry "FRA"]
[SourceTitle "EXT 2000"]
[Source "ChessBase"]
[SourceDate "1999.11.16"]
[SourceVersion "1"]
[SourceVersionDate "1999.11.16"]
[SourceQuality "1"]

1. d4 Nf6 2. c4 g6 3. Nc3 Bg7 4. g3 0-0 5. Bg2 d6 6. Nf3 Nbd7 7. 0-0 e5 8. h3 Re8 9. e4 exd4 10. Nxd4 Nc5 11. Re1 c6 12. Qc2 Qc7 13. Be3 Bd7 14. Rad1 Rad8 15. b4 Ne6 16. Nb3 Bc8 17. f4 Nf8 18. Kh2 Be6 19. Qd3 h6 20. Nd4 Bc8 21. a3 Kh8 22. Bf2 Ne6 23. Nf3 Kg8 24. Qe3 b6 25. Qc1 Bb7 26. Be3 Nf8 27. Nd4 a6 28. Nb3 c5 29. bxc5 bxc5 30. Bf2 Bc6 31. Nd5 Nxd5 32. cxd5 Ba4 33. Rd3 Rb8 34. Nd4 Qa5 35. Nc6 Bxc6 36. dxc6 Rb2 37. Rf1 Qc7 38. e5 Rxf2 39. Rxf2 dxe5 40. Rd7 Qa5 41. Qc2 Nxd7 42. cxd7 Rd8 43. Bc6 exf4 44. Rxf4 Qxa3 45. Qc4 Bf6 46. Kg2 Qc3 47. Qxa6 Kg7 48. Qc8 Qd2+ 49. Rf2 Qd4 50. Rf4 Qd2+ 51. Rf2 Qd4 52. Rf4 1/2-1/2